Library Banner

The last three minutes (Record no. 76061)

MARC details
000 -LEADER
fixed length control field 00445nam a2200181Ia 4500
001 - CONTROL NUMBER
control field 68468
008 - FIXED-LENGTH DATA ELEMENTS--GENERAL INFORMATION
fixed length control field 150918s9999 xx 000 0 und d
020 ## - INTERNATIONAL STANDARD BOOK NUMBER
International Standard Book Number 0465048927
040 ## - CATALOGING SOURCE
Transcribing agency PK-LaUMT
082 ## - DEWEY DECIMAL CLASSIFICATION NUMBER
Classification number RCC 523.19
Item number DAV-L
100 ## - MAIN ENTRY--PERSONAL NAME
Personal name Davies, Paul
245 #4 - TITLE STATEMENT
Title The last three minutes
Statement of responsibility, etc Davies, Paul
260 ## - PUBLICATION, DISTRIBUTION, ETC. (IMPRINT)
Place of publication, distribution, etc New York,USA:
Name of publisher, distributor, etc Bantam Books,
Date of publication, distribution, etc 1994
300 ## - PHYSICAL DESCRIPTION
Extent 162 p.
546 ## - LANGUAGE NOTE
Language note EN
650 ## - SUBJECT ADDED ENTRY--TOPICAL TERM
Topical term or geographic name as entry element Cosmology-Popular work
942 ## - ADDED ENTRY ELEMENTS (KOHA)
Koha item type Books
Holdings
Withdrawn status Lost status Damaged status Not for loan Home library Current library Date acquired Total Checkouts Full call number Barcode Date last seen Price effective from Koha item type
        UMT Main Campus UMT Main Campus 2015-09-18   RCC 523.19 DAV-L 93732 2015-09-18 2015-09-18 Books